| 000 | 00960 a2200313 4500 | ||
|---|---|---|---|
| 999 |
_c23293 _d9918 |
||
| 001 | 23293 | ||
| 003 | TR-AnTOB | ||
| 005 | 20201203122822.0 | ||
| 008 | 050210s2002 tu tur | ||
| 020 | _a9756562242 | ||
| 040 |
_aTR-AnTOB _cTR-AnTOB |
||
| 041 | _atur | ||
| 050 |
_aQ127.I742 _bY85 2002 |
||
| 090 | _aQ127.I742 Y85 2002 | ||
| 100 |
_aYüksel, Ahmet Turan _916877 |
||
| 245 | 0 |
_aİslam'da bilim tarihi : _b(Başlangıçtan Osmanlı döneminin sonuna kadar) / _cAhmet Turan Yüksel. |
|
| 264 | 1 |
_aKonya : _bKitap Dünyası, _c2002. |
|
| 300 | _a184 s. | ||
| 336 |
_2rdacontent _atext _btxt |
||
| 337 |
_2rdamedia _aunmediated _bn |
||
| 338 |
_2rdacarrier _avolume _bnc |
||
| 490 | 0 |
_aKitap Dünyası ; _aİnceleme - Araştırma ; _v76 |
|
| 500 | _aKaynakça :s.173-184 | ||
| 650 | 7 |
_aBilim _zİslam ülkeleri _xTarih _2etuturkob _962005 |
|
| 650 | 0 |
_aScience _zIslamic countries _xHistory _962004 |
|
| 902 | _a0010727 | ||
| 942 |
_cBK _2lcc |
||